Prostodoncia de coronas y puentes (Registro nro. 527)

Detalles MARC
000 -Cabecera
Campo de control de longitud fija 00763aam a2200301 4500
005 - Fecha y hora de la última transacción
Campo de control 20260309141923.0
008 - Elementos de longitud fija--Información general
Campo de control de longitud fija 150805b1982 xxu||||| |||| 00| 0 spa d
020 ## - International Standard Book Number
Número Internacional Estándar del Libro (ISBN) 9500600471
041 ## - Idioma
Código de idioma Español
082 ## - Clasificación Decimal Dewey
Número de clasificación 617.692 A453p
100 ## - Entrada principal--Autor personal
Nombre personal Allan, D.N
9 (RLIN) 18245
100 ## - Entrada principal--Autor personal
Nombre personal Foreman, P.C
245 ## - Título propiamente dicho
Título Prostodoncia de coronas y puentes
260 ## - Pie de imprenta
Lugar de publicación, distribución, etc. Argentina
260 ## - Pie de imprenta
Nombre del editor, distribuidor, etc. Editorial Médica Panamericana
260 ## - Pie de imprenta
Fecha de publicación, distribución, etc. 1987
300 ## - Descripción física
Extensión 152 páginas
300 ## - Descripción física
Otras características físicas Ilustraciones a color
490 ## - Serie
Título de la Serie Mecánica Dental
650 ## - Materia general
Temática (materia general) PROSTODONCIA
650 ## - Materia general
Temática (materia general) ODONTOLOGÍA ESTÉTICA
650 ## - Materia general
Temática (materia general) PRÓTESIS PARCIAL
650 ## - Materia general
Temática (materia general) CORONAS
650 ## - Materia general
Temática (materia general) PUENTES
650 ## - Materia general
Temática (materia general) CORONAS VENEER
650 ## - Materia general
Temática (materia general) MATERIALES DE IMPRESIÓN
942 ## - Punto de acceso adicional KOHA
Tipo de ítem KOHA Libro
Fuente del sistema de clasificación o colocación Dewey Decimal Classification
Existencias
Signatura completa Código de barras Programa Académico Tipo de ítem
617.692 A453p 1164 Mecánica Dental Libro